|
|
|
|
| LEADER |
01373nam a2200325 a 4500 |
| 001 |
27410 |
| 003 |
BD-DhAAL |
| 005 |
20130817155454.0 |
| 008 |
130817s1999 sz a||| b||| 00||0|eng |
| 020 |
|
|
|a 9241545038 (v. 3)
|
| 020 |
|
|
|a 8185386404
|
| 040 |
|
|
|a DNLM
|c DNLM
|d BD-DhAAL
|
| 060 |
0 |
0 |
|a 1994 A-002
|
| 060 |
1 |
0 |
|a WA 675
|b W927g 1993
|
| 082 |
|
|
|2 22
|a 363.6/1/0218
|
| 999 |
|
|
|c 13838
|d 13838
|
| 999 |
|
|
|c 13838
|
| 110 |
2 |
|
|a World Health Organization.
|9 2640
|
| 245 |
1 |
0 |
|a Guidelines for drinking-water quality, volume 3 :
|b surveillance and control of community supplies
|
| 250 |
|
|
|a 2nd ed.
|
| 260 |
|
|
|a Geneva :
|b World Health Organization
|
| 260 |
|
|
|a Delhi :
|b A.I.T.B.S. Publishers,
|c 1999
|
| 300 |
|
|
|a xii, 238 p. :
|b ill. ;
|c 26 cm.
|
| 504 |
|
|
|a Includes bibliographical references (p. 147-149) and index.
|
| 505 |
0 |
|
|a v. 3. Surveillance and control of community supplies
|
| 541 |
|
|
|e 27410, 27411
|
| 650 |
1 |
2 |
|a Drinking water
|x standards
|9 2641
|v Handbooks, manuals, etc.
|
| 942 |
|
|
|2 ddc
|c BK
|
| 952 |
|
|
|0 0
|1 0
|2 ddc
|4 0
|6 363_610218000000000_GUI
|7 0
|9 23161
|a BRACUL
|b BRACUL
|c GEN
|d 2013-08-17
|e Parash Publishers
|g 496.00
|l 0
|o 363.610218 GUI
|p 3010027410
|r 2013-08-17
|t 1
|w 2013-08-17
|y BK
|
| 952 |
|
|
|0 0
|1 0
|2 ddc
|4 0
|6 363_610218000000000_GUI
|7 0
|9 23162
|a BRACUL
|b BRACUL
|c GEN
|d 2013-08-17
|e Parash Publishers
|g 496.00
|l 0
|o 363.610218 GUI
|p 3010027411
|r 2013-08-17
|t 2
|w 2013-08-17
|y BK
|